000 00585nam a2200169Ia 4500
008 090711s9999 xx 000 0 und d
082 _b46895
100 _aजागीरदार गजानन
245 _aअभिनय कसा करावा
260 _bइंडिया बुक कंपनी
_c1983
300 _a188
600 _aजागीरदार गजानन
630 _aअभिनय कसा करावा
700 _aजागीरदार गजानन
730 _aअभिनय कसा करावा
942 _cBOOK
999 _c329080
_d329080